01016nam a22001937a 450000500170000000800410001702000180005804000070007604100120008308200170009510000270011224500640013926000420020330000250024536500610027052004240033165000320075570000350078720250728172133.0230812b ||||| |||| 00| 0 eng d a9789357013550 cAL aEnglish a530.02bCHEN aMelemnganba Chenglei W aNTA CSIR UGC NET SET JRF and Lecturership Physical Sciences aNew DelhibArihant Publicationsc2023 a1271p.bPBc27x21cm. 2Generala3819b₹792.00c₹d₹990.00e20%f10-8-2023 aDimensional analysis vector and matrices; linear differential equations and special functions; fourier series and laplace transform; complex analysis and probabilty; green s function and partial differential equations; numerical methods; tensors and group theory; newtonian mechanicsa and rigid body dynamics lagrangian and hamiltonian approach; special theory of relativity; basic electrostatis and magnetostatistics. 2SciencesaPhysical Sciences aAli, Ishrat; Singh, Dharamveer